| 000 | 005380000a22002050004500 | ||
|---|---|---|---|
| 003 | LK-CoMWRAF | ||
| 005 | 20231115131931.0 | ||
| 008 | 230817t1989 ||||| |||| 00| 0 eng d | ||
| 040 |
_aLK-CoMWRAF _dLK-CoMWRAF _eLK-CoMWRAF |
||
| 041 | _aeng | ||
| 082 |
_a346.5401 _bBER |
||
| 100 | _aBeri, B.P. | ||
| 245 | _aLaw of marriage & divorce in India | ||
| 250 | _a2nd ed. | ||
| 260 |
_aLucknow: _bEastern Book Company, _c1989 |
||
| 300 |
_aLix,869 p. _bIndex included |
||
| 650 | _aMARRIAGE-India | ||
| 650 | _aDIVORCE-India | ||
| 942 | _cBK | ||
| 999 |
_c2113 _d2113 |
||